LEADER 01207nam0-2200397li-450 001 990000246660203316 005 20180312154631.0 010 $a0-85274-298-3 035 $a0024666 035 $aUSA010024666 035 $a(ALEPH)000024666USA01 035 $a0024666 100 $a20001109d1990----km-y0itay0103----ba 101 0 $aeng 102 $aCS 200 1 $aCombinatorial algorithms$fLudek Kucera 210 $aBristol [etc.]$cAdam Hilger$dcopyr. 1990 215 $aXI, 270 p.$cill.$d23 cm 610 1 $aalgoritmi 610 1 $aelaboratori elettronici$aprogrammazione 610 1 $ateoria dei grafi 676 $a00512$9Svuluppo dei programmi 700 1$aKUCERA,$bLudek$0746115 801 $aSistema bibliotecario di Ateneo dell' Università di Salerno$gRICA 912 $a990000246660203316 951 $a005.12 KUC$b0020431$c005.12$d00106432 959 $aBK 969 $aSCI 979 $c19970828 979 $c20001110$lUSA01$h1715 979 $aALANDI$b90$c20010320$lUSA01$h1151 979 $c20020403$lUSA01$h1633 979 $aPATRY$b90$c20040406$lUSA01$h1618 979 $aPATRY$b90$c20070620$lUSA01$h1024 996 $aCombinatorial algorithms$91488813 997 $aUNISA